Palma pilihan untuk seni taman
| Main Author: | |
|---|---|
| Format: | Book |
| Published: |
Kuala Lumpur :
Dewan Bahasa dan Pustaka, ,
1993
|
| Subjects: |
MARC
| LEADER | 00000cam a2200000 7i4500 | ||
|---|---|---|---|
| 001 | 0000003573 | ||
| 005 | 20070809.0 | ||
| 020 | 0 | 0 | |a 9836237410 |
| 090 | 0 | 0 | |a 635.97745 |b ISM |
| 100 | 1 | 0 | |a Ismail Saidin |
| 245 | 1 | 0 | |a Palma pilihan untuk seni taman |c Ismail Saidin |
| 260 | 0 | 0 | |a Kuala Lumpur : |b Dewan Bahasa dan Pustaka, , |c 1993 |
| 300 | |a xi, [216]ms. : |b il. (kbnyk. wrn.) ; |c 29cm. | ||
| 500 | 0 | 0 | |a Mengandungi indeks |
| 650 | 0 | 0 | |a Palms |
| 650 | 0 | 0 | |a Plants, Ornamental |
| 999 | |a 0000006982 |b Monograph |c Open Shelf |e Default branch | ||